000 00458nam a2200181Ia 4500
001 9528
005 20260306161725.0
008 260306t1942||||xx |||||||||||||| ||spa||
041 _aESP
082 _a380.192
_bB67
100 _aBoccardo, Jerónimo
_eAUT
245 0 _aHistoria del comercio de la industria y de la economía política
260 _c1942
300 _a448 páginas :
_ccm.
650 _aGEN
654 _aCAN
942 _cLIB
_dJUS
_fJUS
_2ddc
_n
999 _c9528
_d9528